MDQL
is popping MORE tags! Check the
thread
!
Quizzes
Events
Quiz Creation
Community
Videos
Private Events
Remove Ads
Sign In
Join for FREE
Feedback
Dark Mode
Quiz Categories
Sports
Geography
Music
Movies
Television
Just For Fun
Miscellaneous
History
Literature
Language
Science
Gaming
Entertainment
Religion
Holiday
For Kids
Quiz Lab
Recent
Popular Today
Quiz Kudos Today
Editor Picks
Curator Picks
Quizzes by...
Day
Popularity
Type
Ratings
Length
Year
Community
Subscriptions
Recent Discussions
Orange Saloon
Badges
Playlists
Quests
Create
Leaderboards
Showdown
Live 5
Trivia Bingo
Activity
Puzzle Library
Sporcle Events
Private Events
Virtual Trivia
Globe League
Become a Host
Pub Owners
SporcleCon
Opinionation
Our Games
Videos
Blog
Mobile Apps
Partnerships
Remove Ads and Go Orange
Feedback
Entertainment
Celebrity
Famous
Musical
Broadway
Show
Quote
Comic Books
Anime
Superhero
DC Comics
Marvel
Cartoons
Animation
Entertainment
Celebrity
Famous
Musical
Broadway
Show
Quote
Comic Books
Anime
Superhero
DC Comics
Marvel
Cartoons
Animation
Random Quiz
Search Sporcle
×
Quiz Lab
Quiz Lab
Entertainment
Celebrity
Type in answers that appear in a list
Type in answers that appear in a list
Classic
Best Score? Go Orange.
Celebrities Stats
Can you name the Celebrities?
By
allywalker
5m
40 Questions
253 Plays
253 Plays
253 Plays
Comments
Comments
Give Quiz Kudos
Give Quiz Kudos
-
- Ratings
hide this ad
Replay
Link that replays current quiz
Next Quiz
Link to next quiz in quiz playlist
You Got
0%
They Got
Avg Score
34%
Avg Friend Score
Upgrade to see
Score Distribution
Jump to the score distribution portion of the page
Score
0/40
Timer
05:00
0
Plays Today
Birth Name
Stage Name
% Correct
Usher Raymond IV
Usher
89.3%
Marshall Bruce Mathers III
Eminem
80.6%
Destiny Hope Cyrus
Miley Cyrus
75.9%
Laura Jean Reese Witherspoon
Reese Witherspoon
75.9%
Stefani Joanne Angelina Germanotta
Lady Gaga
65.2%
Robyn Rihanna Fenty
Rihanna
61.7%
Curtis Jackson
50 Cent
60.5%
Norma Jean Baker
Marilyn Monroe
60.1%
Stacey Ann Ferguson
Fergie
59.3%
Aliaune Damala Bouga Time Puru Nacka Badara Akon
Akon
58.1%
Ciara Princess Harris
Ciara
57.3%
Carlos Irwin Estevez
Charlie Sheen
54.5%
Audrey Faith Perry McGraw
Faith Hill
50.6%
Alecia Moore
Pink
44.7%
Shawn Carter
Jay- Z
43.5%
Samuel Longhorne Clemens
Mark Twain
41.9%
Eldrick Woods
Tiger Woods
41.5%
Dwayne Michael Carter, Jr
Lil Wayne
36.4%
Katheryn Elizabeth Hudson
Katy Perry
30%
Reginald Kenneth Dwight
Elton John
30%
Birth Name
Stage Name
% Correct
Dana Elaine Owens
Queen Latifah
27.3%
Cordazer Calvin Broadus
Snoop Dogg
24.5%
Terry Gene Bollea
Hulk Hogan
23.3%
Christopher Brian Bridges
Ludacris
21.7%
Brian Warner
Marilyn Manson
15%
Martha Kostyra
Martha Stewart
14.6%
Chaim Witz
Gene Simmons
14.2%
O'Shea Jackson
Ice Cube
13%
Robert James Ritchie
Kid Rock
13%
James Todd Miller, Jr.
LL Cool J
12.6%
Cornell Haynes, Jr.
Nelly
11.9%
Eric Bishop
Jamie Foxx
11.1%
Caryn Johnson
Whoopi Goldberg
11.1%
Tracy Morrow
Ice- T
9.5%
Eileen Regina Edwards
Shania Twain
6.7%
Carlos Ray
Chuck Norris
4.7%
Virginia Patterson Helnsley
Patsy Cline
4.7%
Joyce Frankenberg
Jane Seymour
4.3%
Patricia Andrejewski
Pat Benatar
4%
Travor Smith
Busta Rhymes
3.2%
Quiz Playlist
Details
Report
Send in Message
Add To Playlist
Classic:
Type in answers that appear in a list
Last Updated: Feb 16, 2017
Quiz Scoreboard
CHALLENGE
Sign Up to Join the Scoreboard
Show All
Scores
Hide
Comments
May contain spoilers
Recently Published
Street Fighter Characters
by Artimus82
Gaming
60s
9x9 Crossword: Cartoon Network
by jackfrog10
Miscellaneous
3m
College Basketball Coaching Resumes
by pancakes188
Sports
9m
More to Explore
Quiz From the Vault
Featured Blog Post
Where Did the Easter Bunny Come From?
hide this ad
You Might Also Like...
Tags
Celebrity Quiz
birth
stage
Today's Top Quizzes in Entertainment
Browse Entertainment
hide this ad
Today's Top Quizzes in Celebrity
Browse Celebrity
Top Contributed Quizzes in Entertainment
1
7-to-1: DC Comics Villains
2
Marvel Characters Bunker
3
Eurovision 2023 Logic Puzzle
4
Dragon Ball Z: Goku's Fights in Order
5
Sorting Pictures: Villains
6
Criteria Quickie: Cartoon Taxonomy II
7
7-to-1: One Piece
8
Mini Trivia Sudoku: Musicals
9
Fictional Villains Letter U Blitz
10
Kamen Rider Motifs
Explore More
Trending Topics
Anime
Marvel
Harry Potter
Crossword
Kpop
NBA
Disney
Soccer
NFL
Song
Pokémon
Puzzle
The Office
WWE
Country
hide this ad
More By:
allywalker
Quiz
Plays
Rating
Category
Featured
Created
Justin Bieber songs by antonym
4,162
3.33
Music
Nov 25, 2010
Sorting Hat's Song in Harry Potter 1
1,436
5.00
Literature
Mar 12, 2011
Disney TV Shows
328
2.33
Television
Oct 11, 2010
Celebrities
253
2.75
Entertainment
Oct 11, 2010
Go to Creator's Profile
Score Distribution
Quiz Creator Spotlight
allywalker
Follow
Send a Message
Quizzes Created
-
Created Quiz Play Count
-
More By This Creator
Popular Quizzes Today
1
Find the US States - No Outlines Minefield
2
Find the Countries of Europe - No Outlines Minefield
3
The Countries of the World
4
Find the US States
5
Risky Map Clicking: Biggest States A-Z
6
US States
7
Popular People in 1961
8
Movies - When Are They Set?
More Entertainment Quizzes
Z Names for Actors
Quiz Lab
Trending Quizzes
Risky Map Clicking: Least Populous States A-Z
Countries of the World: 200 Million BC
1-10 Letter G Words
Risky Map Clicking: Next State Alphabetically
Adjectives in 80s TV Shows
Recently Updated
Leaping Animals
pecheneg
Reality TV Shows (A-Z)
bhenderson79
Rickey Henderson's Hall of Fame Teammates
pecheneg
Champions League XIs: Arsenal
pecheneg
Quick Pick: Celebrities in WWE's Hall of Fame
aduchscher
A-Z Keypad Blitz II
pecheneg
Multiple Oscar Actors
pecheneg
Mystery Phrase Blitz: Oscar 'Best Actors'
pecheneg
F. Scott Fitzgerald Novels
LTH
Pick 3 Villains
ddd62291
Trending Topics
Marvel
Disney
NBA
Anime
Crossword
Kpop
Harry Potter
Song
Pokémon
NFL
Puzzle
WWE
Country
Soccer
The Office
Your Account Isn't Verified!
In order to create a playlist on Sporcle, you need to verify the email address you used during registration. Go to your
Sporcle Settings
to finish the process.
Report this User
Report this user for behavior that violates our
Community Guidelines
.
Details:
Send Report
Go to the Sporcle.com Mobile Site →
Comments